Nové prístupy využitia metód Value at Risk pri meraní finančných rizík dizertačná práca

Salvato in:
Dettagli Bibliografici
Autore principale: Šorf, Martin
Ente Autore: Národohospodárska fakulta EU. Katedra financií
Altri autori: Sivák, Rudolf, 1955-
Natura: Libro
Lingua:slovacco
Pubblicazione: Bratislava 2018
Soggetti:
Tags: Aggiungi Tag
Nessun Tag, puoi essere il primo ad aggiungerne!!

MARC

LEADER 00000nbm a2200000 4500
001 0246524
005 20230302103606.4
041 0 |a slo 
044 |a SK 
245 1 0 |a Nové prístupy využitia metód Value at Risk pri meraní finančných rizík  |b dizertačná práca  |c Martin Šorf ; školiteľ: Rudolf Sivák 
264 1 |a Bratislava  |c 2018 
300 |a 116 s. 
610 2 0 |a nástroje finančné 
610 2 0 |a riziko finančné 
610 2 0 |a riadenie rizík 
100 1 |a Šorf, Martin 
700 1 |a Sivák, Rudolf, 1955- 
710 2 |a Národohospodárska fakulta EU. Katedra financií